The Cambridge Companion to Muhammad : (Record no. 607034)

MARC details
000 -LEADER
fixed length control field 00539nam a2200193 a 4500
008 - FIXED-LENGTH DATA ELEMENTS--GENERAL INFORMATION
fixed length control field 260103s2010##################000#0#eng##
020 ## - INTERNATIONAL STANDARD BOOK NUMBER
ISBN 9780521886079
082 04 - DEWEY DECIMAL CLASSIFICATION NUMBER
Classification number 297.63
Item number BRO
100 1# - MAIN ENTRY--AUTHOR NAME
Personal name Brockopp, Jonathan E.,
245 10 - TITLE STATEMENT
Title The Cambridge Companion to Muhammad :
260 ## - PUBLICATION, DISTRIBUTION, ETC. (IMPRINT)
Name of publisher Cambridge University Press,
Year of publication 2010.
300 ## - PHYSICAL DESCRIPTION
Number of Pages 345 pages
650 #0 - SUBJECT ADDED ENTRY--TOPICAL TERM
Topical Term Biography & Autobiography.
942 ## - ADDED ENTRY ELEMENTS (KOHA)
Koha item type English Books
Holdings
Withdrawn status Lost status Damaged status Not for loan Home library Current library Shelving location Date acquired Full call number Accession Number Price effective from Koha item type
        Anna Centenary Library Anna Centenary Library 3RD FLOOR, B WING 03.01.2026 297.63 BRO 244252 03.01.2026 English Books

Find us on the map